| 000 | 00786nam a22002657a 4500 | ||
|---|---|---|---|
| 003 | CHAP | ||
| 005 | 20220329134536.0 | ||
| 008 | 971013s1984 r 00010 d | ||
| 010 | _a21905 | ||
| 011 | _a22877 | ||
| 035 | _a26972 | ||
| 040 | _cCHAP | ||
| 082 |
_a639.375 _bB6 |
||
| 100 | 0 | 0 |
_aBourreau, Pierre. _914790 |
| 245 |
_aCría rentable de la trucha y otros peces de agua dulce _b: manual práctico |
||
| 260 |
_aBarcelona : _bDe Vecchi, _c1984 |
||
| 300 |
_a157 p. _b: ilus. |
||
| 590 |
_aBATCH-UPD _b10 _c20130110 _lUCH01 _h1516 |
||
| 590 |
_aCONVERSION _b10 _c20130109 _lUCH01 _h1313 |
||
| 650 | 1 | 4 |
_aPiscicultura. _988531 |
| 650 | 1 | 4 |
_aTrucha. _9115343 |
| 901 | _aBK | ||
| 942 | _cLIBRO | ||
| 949 |
_a639.375 B6 _bBC _cLIBRO _d33724000271748 _eLIBRO _gI. 123877 _h63880 _i26972 _si |
||
| 999 |
_c21905 _d21905 |
||